000 00633nam a2200193Ia 4500
999 _c3727
_d3727
003 OSt
005 20200925150320.0
008 190216s9999||||xx |||||||||||||| ||und||
020 _a9780470975237
040 _coclc
082 _a572.51
_bKAI/B
100 _a Kaim, Wolfgang
_95033
245 0 _aBioinorganic Chemistry: Inorganic Elements In The Chemistry Of Life An Introduction And Guide /
_cWolfgang Kaim ; Brigitte Schwederski ; Axel Klein
250 _a2nd Ed.
260 _bWiley India,
_c2013.
_aNew Delhi:
300 _a409p
650 _aChemistry
942 _cBK
_2ddc
_h572.51
_iKAI/B
_k572.51
_mKAI/B